Statistics for Truck brand by picture

Click here to take the quiz!

General Stats

  • This quiz has been taken 61 times
  • The average score is 10 of 16

Answer Stats

Answer% Correct
Man
76%
Mercedes
76%
Volvo
76%
Volkswagen
73%
Volvo
73%
DAF
71%
Scania
69%
Iveco
67%
Mack
65%
Peterbilt
65%
Renault
63%
Freightliner
61%
Western Star
57%
Kenworth
55%
TATA
55%
Navistar
10%

Score Distribution

Percentile by Number Answered

Percent of People with Each Score

Your Score History

You have not taken this quiz